[Event "SRB-chT3 West CS"]
[Site "Serbia"]
[Date "2017.10.14"]
[Round "9.1"]
[White "Milinkovic, Dragan"]
[Black "Brkic, Toma"]
[Result "1-0"]
[WhiteElo "2061"]
[BlackElo "2065"]
[PlyCount "59"]
[EventDate "2017.09.03"]
[EventType "team-tourn"]
[EventRounds "11"]
[EventCountry "SRB"]
[SourceTitle "EXT 2021"]
[Source "ChessBase"]
[SourceDate "2020.10.23"]
[SourceVersion "1"]
[SourceVersionDate "2020.10.23"]
[SourceQuality "1"]

1. d4 Nf6 2. c4 e6 3. Nc3 d5 4. Nf3 c6 5. Ne5 Nbd7 6. f4 Bd6 7. e3 0-0 8. Bd3 dxc4 9. Bxc4 Re8 10. 0-0 Nd5 11. Ne4 Be7 12. Qh5 g6 13. Qf3 f6 14. Nd3 b6 15. Nef2 Bb7 16. e4 Nc7 17. f5 Nf8 18. Be3 Kg7 19. Qh3 exf5 20. Qh6+ Kh8 21. exf5 Nd5 22. Bd2 Bd6 23. Rae1 gxf5 24. Bxd5 cxd5 25. Rxe8 Bxh2+ 26. Kxh2 Qxe8 27. Qxf6+ Kg8 28. Nf4 Qb5 29. N2d3 Qd7 30. Rf3 1-0

[Event "SRB Central-ch op-B 9th"]
[Site "Paracin"]
[Date "2016.07.12"]
[Round "7"]
[White "Maksimovic, Masa"]
[Black "Brkic, Toma"]
[Result "0-1"]
[WhiteElo "1854"]
[BlackElo "2069"]
[PlyCount "110"]
[EventDate "2016.07.07"]
[EventType "swiss"]
[EventRounds "9"]
[EventCountry "SRB"]
[SourceTitle "CBM 173 Extra"]
[Source "ChessBase"]
[SourceDate "2016.08.29"]
[SourceVersion "1"]
[SourceVersionDate "2016.08.29"]
[SourceQuality "1"]

1. e4 c5 2. Nf3 e6 3. d4 cxd4 4. Nxd4 a6 5. c4 Qc7 6. Nc3 Nf6 7. Be2 Nc6 8. 0-0 Be7 9. Be3 0-0 10. Rc1 Nxd4 11. Qxd4 d6 12. Rfd1 Bd7 13. b4 Rfd8 14. a4 Qb8 15. a5 Be8 16. Rb1 Qc7 17. Qd3 Nd7 18. Na4 Nc5 19. Nxc5 dxc5 20. Qc2 cxb4 21. Rxd8 Qxd8 22. Bb6 Qc8 23. c5 Bc6 24. Rxb4 Qd7 25. Rb1 Bf6 26. Rd1 Bd4 27. Bc4 e5 28. Kh1 Kh8 29. f3 Rf8 30. Qa2 Qe7 31. Qa3 Qd7 32. Qa2 Qe7 33. Qa3 Rc8 34. Bd5 Bb5 35. Rc1 g6 36. g3 Kg7 37. Kg2 h5 38. f4 h4 39. fxe5 hxg3 40. hxg3 Qg5 41. Rd1 Bxe5 42. Qf3 Qe7 43. Qg4 Rh8 44. Rd2 Qf6 45. Rd1 Rh5 46. Re1 Rg5 47. Qh4 Rxg3+ 48. Qxg3 Bxg3 49. Kxg3 g5 50. Kg2 Qf4 51. Rg1 Be2 52. e5 g4 53. Re1 Bf3+ 54. Bxf3 gxf3+ 55. Kf2 Qd2+ 0-1

[Event "SRB Central-ch op-A 7th"]
[Site "Paracin"]
[Date "2014.07.08"]
[Round "6"]
[White "Jandric, Damjan"]
[Black "Brkic, Toma"]
[Result "1/2-1/2"]
[WhiteElo "2060"]
[BlackElo "2111"]
[PlyCount "69"]
[EventDate "2014.07.04"]
[EventType "swiss"]
[EventRounds "9"]
[EventCountry "SRB"]
[SourceTitle "CBM 161 Extra"]
[Source "ChessBase"]
[SourceDate "2014.08.29"]
[SourceVersion "1"]
[SourceVersionDate "2014.08.29"]
[SourceQuality "1"]

1. e4 c5 2. Nf3 e6 3. d3 d5 4. Qe2 Be7 5. g3 Nc6 6. Bg2 Nf6 7. 0-0 0-0 8. e5 Nd7 9. c4 d4 10. h4 Qc7 11. Bf4 Rb8 12. Nbd2 a6 13. h5 b5 14. h6 g6 15. b3 Bb7 16. Rfe1 Qd8 17. Ne4 Nb4 18. Qd2 Bxe4 19. Rxe4 Re8 20. Bg5 Bxg5 21. Nxg5 Nxd3 22. Nxf7 Kxf7 23. Qxd3 Qg5 24. Rae1 Qxh6 25. Rh4 Qg7 26. Bc6 Re7 27. Qe2 bxc4 28. Bxd7 Rxd7 29. Qxc4 Rd5 30. Qxa6 Rbd8 31. Rf4+ Ke7 32. Rf6 R8d6 33. Qb7+ Rd7 34. Qb6 R7d6 35. Qb7+ 1/2-1/2